Türkiye - Avrupa topluluğu gümrük birliği ve tam üyelik süreci üzerine etkileri / (Record no. 200421931)

MARC details
000 -LEADER
fixed length control field 01040cam a2200325 i 4500
001 - CONTROL NUMBER
control field 200421931
003 - CONTROL NUMBER IDENTIFIER
control field TR-AnTOB
005 - DATE AND TIME OF LATEST TRANSACTION
control field 20230907171647.0
007 - PHYSICAL DESCRIPTION FIXED FIELD--GENERAL INFORMATION
fixed length control field ta
008 - FIXED-LENGTH DATA ELEMENTS--GENERAL INFORMATION
fixed length control field 150505s2002 tu 001 0 tur d
020 ## - INTERNATIONAL STANDARD BOOK NUMBER
International Standard Book Number 9758403028
040 ## - CATALOGING SOURCE
Original cataloging agency TR-AnTOB
Language of cataloging eng
Description conventions rda
Transcribing agency TR-AnTOB
041 0# - LANGUAGE CODE
Language code of text/sound track or separate title Türkçe
050 #4 - LIBRARY OF CONGRESS CALL NUMBER
Classification number HC241.T9
Item number Ö946 2002
090 ## - LOCALLY ASSIGNED LC-TYPE CALL NUMBER (OCLC); LOCAL CALL NUMBER (RLIN)
Classification number (OCLC) (R) ; Classification number, CALL (RLIN) (NR) HC241.T9
Local cutter number (OCLC) ; Book number/undivided call number, CALL (RLIN) Ö946 2002
100 1# - MAIN ENTRY--PERSONAL NAME
Personal name Özen, Çınar
Relator term author
9 (RLIN) 106087
245 10 - TITLE STATEMENT
Title Türkiye - Avrupa topluluğu gümrük birliği ve tam üyelik süreci üzerine etkileri /
Statement of responsibility, etc. Yrd. Doç. Dr. Çınar Özen.
250 ## - EDITION STATEMENT
Edition statement 1. Baskı: Mayıs 2002
264 #1 - PRODUCTION, PUBLICATION, DISTRIBUTION, MANUFACTURE, AND COPYRIGHT NOTICE
Place of production, publication, distribution, manufacture İzmir :
Name of producer, publisher, distributor, manufacturer Ceylan Kitabevi,
Date of production, publication, distribution, manufacture, or copyright notice 2002.
300 ## - PHYSICAL DESCRIPTION
Extent 257 pages ;
Dimensions 21 cm
336 ## - CONTENT TYPE
Content type term text
Content type code txt
Source rdacontent
337 ## - MEDIA TYPE
Media type term unmediated
Media type code n
Source rdamedia
338 ## - CARRIER TYPE
Carrier type term volume
Carrier type code nc
Source rdacarrier
500 ## - GENERAL NOTE
General note İncludes index.
610 ## - SUBJECT ADDED ENTRY--CORPORATE NAME
Corporate name or jurisdiction name as entry element Avrupa Ekonomik Topluluğu
Geographic subdivision Türkiye
9 (RLIN) 34566
650 00 - SUBJECT ADDED ENTRY--TOPICAL TERM
Topical term or geographic name entry element Gümrük birlikleri
Geographic subdivision Türkiye
9 (RLIN) 29601
Topical term or geographic name entry element Customs unions
Geographic subdivision Turkey
9 (RLIN) 27533
942 ## - ADDED ENTRY ELEMENTS (KOHA)
Koha item type Book
Source of classification or shelving scheme Library of Congress Classification
Holdings
Withdrawn status Lost status Not for loan Collection code Home library Current library Shelving location Date acquired Source of acquisition Cost, normal purchase price Serial Enumeration / chronology Total Checkouts Total Holds Full call number Barcode Copy number Cost, replacement price Koha item type
    Ödünç Verilebilir / Available Genel Koleksiyon Merkez Kütüphane Merkez Kütüphane Genel Koleksiyon / Main Collection 05/05/2015 Bağış / Donation 0.01 1     HC241.T9 Ö946 2002 0047180 1 0.01 Book
    Ödünç Verilebilir / Available Genel Koleksiyon Merkez Kütüphane Merkez Kütüphane Genel Koleksiyon / Main Collection 05/05/2015 Bağış / Donation 0.01 1     HC241.T9 Ö946 2002 0047181 2 0.01 Book
    Ödünç Verilebilir / Available Genel Koleksiyon Merkez Kütüphane Merkez Kütüphane Genel Koleksiyon / Main Collection 05/05/2015 Bağış / Donation 0.01 1     HC241.T9 Ö946 2002 0047182 3 0.01 Book
Devinim Yazılım Eğitim Danışmanlık tarafından Koha'nın orjinal sürümü uyarlanarak geliştirilip kurulmuştur.